000 00460nam a22001217a 4500
082 _a200 THE
100 _aFreeha Saeed
_970340
245 _aTH-SOF-1703-Automatic Segmentation of Mitral Valve for Detection of Rheumatic Heart Disease using Ultra Sound Images
260 _aISLAMABAD
_bNUST COLLEGE OF EME
_c2019
650 _aMS-COMPUTER ENGINEERING-85 MSTHESIS
_969445
700 _aSupervisor Dr. Farhan Riaz Co-Supervisor Dr. Ali Hassan
_970179
942 _cCF
999 _c577330
_d577330